[Event "TUR-chT 2nd League"]
[Site "Konya"]
[Date "2019.07.26"]
[Round "7.12"]
[White "Kurt, Emre"]
[Black "Kayan, Mert Ali"]
[Result "1-0"]
[WhiteElo "1675"]
[BlackElo "1427"]
[PlyCount "73"]
[EventDate "2019.07.22"]
[EventType "team-swiss"]
[EventRounds "9"]
[EventCountry "TUR"]
[SourceTitle "CBM 191 Extra"]
[Source "ChessBase"]
[SourceDate "2019.09.30"]
[SourceVersion "1"]
[SourceVersionDate "2019.09.30"]
[SourceQuality "1"]
[WhiteTeam "Gulbahcesi Egitim"]
[BlackTeam "Pamukkale Yonetimi"]
[WhiteTeamCountry "TUR"]
[BlackTeamCountry "TUR"]

1. Nf3 f5 2. g3 Nf6 3. Bg2 e6 4. d3 d5 5. Nbd2 Bd6 6. 0-0 c5 7. Re1 e5 8. e4 fxe4 9. dxe4 d4 10. Nc4 Nc6 11. c3 0-0 12. cxd4 cxd4 13. Ng5 Bb4 14. Qb3 Kh8 15. Bd2 Bxd2 16. Nxd2 Qe7 17. a3 Ng4 18. Ngf3 Be6 19. Qd3 Qf7 20. b4 a6 21. Rac1 Rac8 22. Rc2 Qd7 23. Nc4 Bxc4 24. Rxc4 Qe6 25. Rec1 Qh6 26. h3 Nf6 27. Nxe5 Nxe5 28. Rxc8 Qxc1+ 29. Rxc1 Nxd3 30. Rd1 Nb2 31. Rxd4 Rb8 32. e5 Ne8 33. f4 Kg8 34. Bd5+ Kf8 35. Bb3 b5 36. Rd2 Na4 37. Rd7 1-0

[Event "TUR-chT 2nd League"]
[Site "Konya"]
[Date "2019.07.24"]
[Round "4.9"]
[White "Kayan, Mert Ali"]
[Black "Inel, Cihangir"]
[Result "1/2-1/2"]
[WhiteElo "1427"]
[BlackElo "1536"]
[PlyCount "92"]
[EventDate "2019.07.22"]
[EventType "team-swiss"]
[EventRounds "9"]
[EventCountry "TUR"]
[SourceTitle "CBM 191 Extra"]
[Source "ChessBase"]
[SourceDate "2019.09.30"]
[SourceVersion "1"]
[SourceVersionDate "2019.09.30"]
[SourceQuality "1"]
[WhiteTeam "Pamukkale Yonetimi"]
[BlackTeam "Samsun Gercek"]
[WhiteTeamCountry "TUR"]
[BlackTeamCountry "TUR"]

1. d4 g6 2. e4 Bg7 3. f4 d6 4. Nc3 Nf6 5. Nf3 0-0 6. e5 dxe5 7. fxe5 Ne8 8. Bc4 c5 9. 0-0 Nc6 10. Ng5 e6 11. d5 Nxe5 12. dxe6 Bxe6 13. Bxe6 Qxd1 14. Rxd1 fxe6 15. Nxe6 Rf5 16. Nxg7 Nxg7 17. Nd5 Re8 18. Bh6 Ng4 19. Bf4 Ne6 20. Bd6 Kg7 21. h3 Nf2 22. Ne3 Nxd1 23. Nxf5+ gxf5 24. Rxd1 Rd8 25. Be5+ Kf7 26. Rf1 Kg6 27. g4 Rf8 28. Bd6 Rf7 29. Re1 Ng5 30. Kg2 fxg4 31. hxg4 b6 32. Bg3 Rd7 33. Bf4 Rd4 34. Kg3 h6 35. Re7 Ne4+ 36. Kh4 Nf6 37. Be5 Rxg4+ 38. Kh3 Rg1 39. Re6 Rf1 40. Kg2 Rf5 41. Bc3 Kf7 42. Rc6 Nd5 43. Rxh6 Rg5+ 44. Kf3 Nxc3 45. bxc3 Kg7 46. Rd6 Kf8 1/2-1/2